Nuevo Testamento interlineal griego-español: con el texto griego de Nestle

Uloženo v:
Podrobná bibliografie
Hlavní autor: Lacueva, Francisco (Autor)
Médium: Kniha
Jazyk:španělština
řečtina
Vydáno: Barcelona Clie 1984
Vydání:1a. ed
Témata:
Tagy: Přidat tag
Žádné tagy, Buďte první, kdo vytvoří štítek k tomuto záznamu!

MARC

LEADER 00000cam a2200000 a 4500
001 UCK2205
003 CL-VaPUC
008 041223e19840000SP |||||||||||||||||spa|d
020 |a 8472288773 
041 0 7 |a spa  |2 CL-VaPUC 
041 0 7 |a gre  |2 CL-VaPUC 
082 0 4 |a 225  |b LAC  |2 21 
100 0 |a Lacueva, Francisco  |e author  |9 490033 
245 1 0 |a Nuevo Testamento interlineal griego-español: con el texto griego de Nestle 
250 |a 1a. ed 
300 |a 1027 p 
942 |c BK 
945 |d 20041223 00:00:00  |a cmena 
260 |a Barcelona  |b Clie  |c 1984 
600 0 7 |a BIBLIA  |2 CL-VaPUC  |9 399806 
650 0 |a Textos sagrados   |9 257605 
650 7 |a IDIOMA GRIEGO  |2 CL-VaPUC  |9 490034 
650 0 |a Idioma español  |9 309143 
583 |a last modification  |c 20151019 12:08:27  |k Rodrigo Vera 
999 |c 311824  |d 311822 
952 |0 0  |1 0  |4 0  |6 225_000000000000000_LAC_1984  |7 0  |8 F  |9 381484  |a BIBTEO  |b BIBTEO  |d 2019-11-21  |i 408876K  |l 3  |o 225 LAC 1984  |p 408876K  |r 2025-01-17  |s 2023-07-04  |w 2019-11-21  |y BK_F  |k ICR 
952 |0 0  |1 0  |3 erd  |4 0  |6 225_000000000000000_LAC_1984  |7 0  |8 F  |9 381485  |a BIBTEO  |b BIBTEO  |i 5244072  |l 1  |o 225 LAC 1984  |p 5244072  |r 2025-01-17  |s 2024-04-16  |w 2019-11-21  |y BK_F  |z Catalogado en:20151022  |k ICR